Statistiken für Tadschikistan-Quiz

Klicken Sie hier um das Quiz zu spielen!

Allgemein

  • Dieses Quiz wurde 1.504 mal gespielt
  • Das Durchschnittsergebnis liegt bei 12 aus 19

Antwortstatistiken

FrageAntwort% Korrekt
NachbarlandKirgisistan
91%
NachbarlandUsbekistan
91%
Religion, die von 98% der Bevölkerung ausgeübt wirdIslam
89%
NachbarlandAfghanistan
87%
Ehemaliges Land, von dem Tadschikistan 1991 unabhängig wurdeSowjetunion
85%
NachbarlandChina
84%
Die andere Verkehrssprache TadschikistansRussisch
84%
Nennen sie eines der zwei Länder, die im Durchschnitt höher als Tadschikistan liegenBhutan | Nepal
83%
Ehemalige Handelsroute, die durch das Gebiet um Tadschikistan ging{Seiden}straße
74%
Hauptstadt von TadschikistanDuschanbe
68%
Geografische Region, in welcher Tadschikistan liegt{Zentral}asien
67%
Wie Nachbarland #1 ist Tadschikistan ein wichtiger Produzent dieser illegalen DrogeHeroin
66%
In Tadschikistan befindet sich der längste _____ außerhalb der PolarregionenGletscher
59%
Ehemaliger Name der Hauptstadt (Tipp: ein brutaler Diktator){Stalin}abad
41%
Metall, der ein Großteil der Exporte von Tadschikistan ausmachtAluminium
36%
Tadschikisch ist ein Dialekt dieser SprachePersisch
35%
Währung von TadschikistanSomoni
16%
Bezeichnung für den historischen Konflikt zwischen Großbritannien und Russland zur Kontrolle der obigen Region im 19. JahrhundertThe Great {Game}
15%
"R" Wort, das die Geldüberweisungen von Migranten in ihrem Heimatsland bezeichnen (diese machen 47% des BIP von Tadschikistan aus)Remissen
9%

Verteilung der Resultate

Perzentil nach korrekt beantworteten Fragen

Anzahl Personen mit jedem Resultat

Ihre Resultats-Entwicklung

Sie haben dieses Quiz noch nicht gespielt